Java : (Record no. 186885)
[ view plain ]
| 000 -LEADER | |
|---|---|
| fixed length control field | 00733nam a2200241Ia 4500 |
| 003 - CONTROL NUMBER IDENTIFIER | |
| control field | OSt |
| 005 - DATE AND TIME OF LATEST TRANSACTION | |
| control field | 20250310143600.0 |
| 008 - FIXED-LENGTH DATA ELEMENTS--GENERAL INFORMATION | |
| fixed length control field | 210716s2002 xx 000 0 und d |
| 020 ## - INTERNATIONAL STANDARD BOOK NUMBER | |
| International Standard Book Number | 817884057X |
| 040 ## - CATALOGING SOURCE | |
| Transcribing agency | AIMIT LIBRARY |
| 041 ## - LANGUAGE CODE | |
| Language code of text/sound track or separate title | eng |
| 082 ## - DEWEY DECIMAL CLASSIFICATION NUMBER | |
| Classification number | 006.671 |
| Edition number | 1 |
| Item number | JAIV |
| 100 ## - MAIN ENTRY--PERSONAL NAME | |
| Personal name | Jain, V K. |
| 9 (RLIN) | 205393 |
| 245 ## - TITLE STATEMENT | |
| Title | Java : |
| Remainder of title | object oriented programming / |
| Statement of responsibility, etc. | By V K Jain and Hemlata. |
| 250 ## - EDITION STATEMENT | |
| Edition statement | 1st ed. |
| 260 ## - PUBLICATION, DISTRIBUTION, ETC. | |
| Place of publication, distribution, etc. | New Delhi : |
| Name of publisher, distributor, etc. | Cyber Tech Publications , |
| Date of publication, distribution, etc. | 2002. |
| 300 ## - PHYSICAL DESCRIPTION | |
| Extent | xviii,844p. ; |
| Other physical details | PB |
| Dimensions | 23.1 cm |
| 650 ## - SUBJECT ADDED ENTRY--TOPICAL TERM | |
| Topical term or geographic name entry element | Data types variable and arrays |
| 9 (RLIN) | 205394 |
| 650 ## - SUBJECT ADDED ENTRY--TOPICAL TERM | |
| Topical term or geographic name entry element | Control statements |
| 9 (RLIN) | 205395 |
| 650 ## - SUBJECT ADDED ENTRY--TOPICAL TERM | |
| Topical term or geographic name entry element | Packages and interfaces |
| 9 (RLIN) | 205396 |
| 700 ## - ADDED ENTRY--PERSONAL NAME | |
| Personal name | Hemlata. |
| 9 (RLIN) | 205397 |
| 942 ## - ADDED ENTRY ELEMENTS (KOHA) | |
| Source of classification or shelving scheme | Dewey Decimal Classification |
| Koha item type | Book |
| Edition | 1st |
| Call number prefix | 006.671 JAIV |
| Withdrawn status | Lost status | Source of classification or shelving scheme | Damaged status | Not for loan | Collection code | Home library | Current library | Source of acquisition | Cost, normal purchase price | Inventory number | Total Checkouts | Full call number | Barcode | Date last seen | Cost, replacement price | Price effective from | Koha item type |
|---|---|---|---|---|---|---|---|---|---|---|---|---|---|---|---|---|---|
| Dewey Decimal Classification | MCA | St Aloysius Institute of Management & Information Technology | St Aloysius Institute of Management & Information Technology | Intel Book Distributors | 250.00 | Bill no:962; Bill dt:2004-11-27 | 006.671 JAIV | MCA06393 | 07/21/2025 | 200.00 | 07/16/2021 | Book |